00998 a2200241 45000010006000000050017000060080041000230030015000640400040000790800031001192450054001500200018002042640041002223000017002635050218002800410008004981000032005067000031005387000030005697000023005997000035006228560099006575904120260407155845.0260407a1983 arg spa dAR-UNSa-BCEJYS aAR-UNSa-BCEJYSbspacAR-UNSa-BCEJYS a347(094.4)xCódigo Civil10aCódigo Civil anotadopDoctrina - Jurisprudencia a950-20-0230-X 1aBuenos Aires :bAbeledo Perrotc1983 a5 v.c23 cm. aTomo II-A: Artículos 495 a 895 - Tomo II-B: Artículos 896-1136 - Tomo III-A: Artículos 1137-1438 - Tomo III-B: Artículos 1434-1788 bis - Tomo IV-A: Artículos 2311-2755 - Tomo V-A: Artículos 3262-3448 - aspa1 aLlambías, Jorge Joaquín1 aArgentina [Código Civil]1 aAlterini, Atilio Aníbal1 aAlterini, Jorge H.1 aMéndez Costa, María Josefa41uhttps://www.biblioeco.unsa.edu.ar/pmb/images/libros/L128934.jpgyImagen de portadaqimage/jpeg